000 01410nam a2200361 a 4500
001 000025278
003 DO-SdBPM
005 20251027130530.0
007 ta
008 100409s2009 dr ac r 000 0 spa d
020 _a9789945424478
040 _aDO-SdBPM
_bspa
_cBPMSU
_erda
082 _aRD867.44
_bP349a 2009
_222
100 1 _aPeña, Dennis,
_d1953-
_eautor
245 1 0 _a¡Ay, mi mai! :
_bvivencias anecdóticas culturales /
_cDennis Peña.
250 _a2a ed.
260 _aSanto Domingo :
_bAsociación Dominicana de Librero y Afines Incorporado (ASODOLIBRO),
_c2009
_f
300 _a158 páginas :
_bilustraciones, retrato. ;
_c21 cm.
336 _atexto
_btxt
_2rdacontent
337 _asin mediación
_bn
_2rdamedia
338 _avolumen
_bnc
_2rdacarrier
500 _aIncluye datos biográficos del autor en las solapas
500 _aEdición especial para la XII Feria Internacional del Libro, dedicada a Brasil y a Juan Bosch y Gabiño, en honor al centenario de su nacimiento
590 _aInventariado, 2025/VM
650 7 _aAnécdotas dominicanas
650 7 _aLiteratura dominicana.
650 7 _aHumorismo dominicano
650 7 _aVida cotidiana
_vAnécdotas, chistes, sátiras, etc.
650 7 _aFilosofía de la vida cotidiana.
651 7 _aRepública Dominicana
_xVida social y costumbres
910 _aVMateo V. Control de calidad. BPMSU
942 _2ddc
_cBK
999 _c14230
_d14230